Géopolitique - Niveau passionné (4/5) - Statistiques

Statistiques générales
  • Ce quiz a été pris 1 098 fois
  • Le résultat moyen est 8 sur 20
Statistiques - réponses
Hint Réponse % Correct
Quel dirigeant est accusé de néo-ottomanisme ? Recep Tayyip Erdogan
79%
Qui préside la Commission européenne ? Ursula von der Leyen
77%
Pays des Caraïbes ruiné par un séisme majeur en 2010, qui n'a toujours pas su redresser son économie depuis (c'est encore un PMA) Haïti
76%
Quel pays asiatique détient l'arme nucléaire depuis 1998 ? Pakistan
58%
Dans quel pays entend-il créer une "zone de sécurité" de 32km de profondeur pour y exiler les réfugiés qu'il a accueillis ? Syrie
52%
Capitale de ce pays, dont le contrôle est disputé par des gangs Port-au-Prince
49%
Quels engins l'Iran a-t-il envoyés à la Russie pour l'aider à combattre l'Ukraine ? des drones
47%
Pays qui devait intégrer le groupe BRICS à son élargissement en 2024, mais ne l'a finalement pas fait en raison d'un changement de présidence Argentine
45%
Année des manifestations puis émeutes gigantesques qui ont secoué Hong Kong pour protester contre une loi permettant l'extradition des criminels Hongkongais vers la Chine, interprétée comme une manière de faire taire l'opposition au PCC ? 2019
44%
Opération militaire française dans le Sahel qui a débuté en 2014 et pris fin en 2022 Barkhane
41%
Ressource précieuse notamment pour le développement des technologies vertes dont regorge la RDC (avec 70% de la production mondiale de cette ressource) cobalt
39%
Ressource prisée recelée par la Bolivie, réserves sur lesquelles lorgnent les puissances étrangères lithium
39%
Maréchal puis président égyptien qui fait de plus en plus de son pays un régime autoritaire depuis son arrivée au pouvoir en 2014 Abdel Fattah al-Sissi
32%
Premier exportateur mondial de GNL (gaz naturel liquéfié) Qatar
24%
Région du pays qui a particulièrement souffert des guerres et conflits pour l'exploitation de cette ressource entre autres Kivu
23%
Nom de l'alliance entre l'Inde, l'Australie, le Japon et les Etats-Unis dialogue quadrilatéral de sécurité (QUAD)
16%
Nom donné à la zone d'influence de l'Iran au Moyen-Orient "croissant chiite" ou "arc chiite"
10%
Quel pays asiatique failli et en crise économique a connu également une crise politique sans précédent en 2022, qui a conduit à la démission de son président ? Sri Lanka
10%
Nom du plus grand port marocain Tanger Med
10%
Industrie particulièrement développée dans des zones franches autour de celui-ci industrie automobile
8%
Aucun quiz correspondant
Distribution des résultats
% des personnes avec chaque résultat
Percentile par nombre de réponses
Votre historique - résultats
Vous n’avez pas pris ce quiz